书目信息 |
| 题名: |
病原生物学
|
|
| 作者: | 郭晓奎 , 潘卫庆 主编 ;潘卫庆 分册主编 | |
| 分册: | 下册 医学寄生虫学 | |
| 出版信息: | 北京 科学出版社 2012 |
|
| 页数: | 259页 | |
| 开本: | 28cm | |
| 丛书名: | ||
| 单 册: | ||
| 中图分类: | R37 , R38 | |
| 科图分类: | ||
| 主题词: | 病原微生物--高等学校--教材 , 医学--寄生虫学--高等学校--教材 | |
| 电子资源: | ||
| ISBN: | 978-7-03-033213-4 | |
| 000 | 01166nam0 2200301 450 | |
| 001 | 012015000131 | |
| 005 | 20150914160731.82 | |
| 010 | @a978-7-03-033213-4@dCNY35.00 | |
| 100 | @a20120317d2012 em y0chiy50 ea | |
| 101 | 0 | @achi |
| 102 | @aCN@b110000 | |
| 105 | @aa z 001yy | |
| 106 | @ar | |
| 200 | 1 | @a病原生物学@Abing yuan Sheng wu xue@i医学寄生虫学@h下册@f郭晓奎,潘卫庆主编@g潘卫庆分册主编 |
| 205 | @a2版 | |
| 210 | @a北京@c科学出版社@d2012 | |
| 215 | @a259页@c图@d28cm | |
| 300 | @a普通高等教育“十一五”国家级规划教材 国家精品课程教材 供临床、预防、基础、口腔、麻醉、影像、药学、检验、护理、法医等专业使用 | |
| 330 | @a全书包括医学蠕虫、医学原虫、医学节肢动物等,涉及新现和重现寄生虫病对人体的危害性、寄生虫对人休致病机制的认识、寄生虫病防治的新概念、寄生虫病实验诊断技术、常用抗寄生虫药、寄生虫病例讨论等内容。 | |
| 606 | 0 | @a病原微生物@x高等学校@j教材 |
| 606 | 0 | @a医学@x寄生虫学@x高等学校@j教材 |
| 690 | @aR37@v5 | |
| 690 | @aR38@v5 | |
| 701 | 0 | @a郭晓奎@Aguo xiao kui@4主编 |
| 701 | 0 | @a潘卫庆@Apan wei qing@4主编 |
| 702 | 0 | @a潘卫庆@Apan wei qing@4分册主编 |
| 801 | 0 | @aCN@b碧洲教育@c20150716 |
| 905 | @a10447@f4@dR37@e243=2 | |
| 病原生物学.医学寄生虫学.下册/郭晓奎,潘卫庆主编/潘卫庆分册主编.-2版.-北京:科学出版社,2012 |
| 259页:图;28cm |
| 普通高等教育“十一五”国家级规划教材 国家精品课程教材 供临床、预防、基础、口腔、麻醉、影像、药学、检验、护理、法医等专业使用 |
| ISBN 978-7-03-033213-4:CNY35.00 |
| 全书包括医学蠕虫、医学原虫、医学节肢动物等,涉及新现和重现寄生虫病对人体的危害性、寄生虫对人休致病机制的认识、寄生虫病防治的新概念、寄生虫病实验诊断技术、常用抗寄生虫药、寄生虫病例讨论等内容。 |
| ● |
| 相关链接 |
|
|
|
|
正题名:病原生物学
索取号:R37/243=2
 
预约/预借
| 序号 | 登录号 | 条形码 | 馆藏地/架位号 | 状态 | 备注 |
| 1 | 0870501 | 208705016 | 第二样本阅览室/ [索取号:R37/243=2] | 在馆 | |
| 2 | 0870502 | 208705025 | 密集书库-生命科学系/ [索取号:R37/243=2] | 在馆 | |
| 3 | 0870503 | 208705034 | 第三借阅区/ [索取号:R37/243=2] | 在馆 | |
| 4 | 0870504 | 208705043 | 第三借阅区/ [索取号:R37/243=2] | 在馆 |